000 01227 a2200241 4500
003 MN-UlNLM
005 20220602165654.0
008 a130t2000 mp ||||| |||| 00| 0 mon d
040 _aМонгол Улсын Үндэсний номын сан
084 _a78.33(5Мон)
_2NNA
_bБ 17
_q7
100 1 _aБазар Ш.
110 _aМонгол улсын төв номын сан
245 0 _aМонгол улсын төв номын сангийн түүхэн товчоо
_cХян. Ж.Сэржээ
250 _a1
260 0 _aУБ
_c2000
300 _a91х
546 _aMongolia
653 _aСоёл шинжлэх ухаан, боловсрол
_aНомын сан
740 _aМонгол номын уламжлалаас.
_aМонгол номын сангийн уламжлалаас.
_aМонгол улсад номын сан байгуулагдсан түүхээс.
_aМонгол улсын төв номын сан: 1940-1950.
_aМонгол улсын төв номын сан: 1960-2000.
_aНомд орсон үйл явдлын тухай тайлбар.
_aТөрийн дээд одон медалиар шагнагдагсад.
856 _aprintbook
942 _cBK
999 _c67977
_d67977